Pilotes F1: Podiums sans victoire - Mort subite - Statistiques

Statistiques générales
  • Ce quiz a été pris 88 fois
  • Le résultat moyen est 5 sur 10
Answers on the Grid
Answers color-coded by a green-red scale on the quiz's grid according to % correct below.
Romain Grosjean
Lance Stroll
Jos Verstappen
Alexander Albon
Kevin Magnussen
Nico Hülkenberg
Isack Hadjar
Chris Amon
Stefan Johansson
Nick Heidfeld
Pierre Gasly
Esteban Ocon
Jean Alesi
Kimi Antonelli
Yuki Tsunoda
Marcus Ericsson
Mick Schumacher
Nicholas Latifi
Adrian Sutil
Jarno Trulli
 
Statistiques - réponses
Réponse % Correct
Lance Stroll
71%
Alexander Albon
63%
Isack Hadjar
63%
Nico Hülkenberg
62%
Romain Grosjean
58%
Kevin Magnussen
54%
Jos Verstappen
40%
Nick Heidfeld
40%
Stefan Johansson
31%
Chris Amon
25%
Aucun quiz correspondant
Distribution des résultats
% des personnes avec chaque résultat
Percentile par nombre de réponses
Votre historique - résultats
Vous n’avez pas pris ce quiz